000 00523nam a2200205Ia 4500
005 20250923144746.0
008 008 250917s9999 xx 000 0 eng d
037 _aTextual
040 _aDSWL
_beng
_cDSWL
041 _aeng
_2eng
084 _qDSWL
100 _aHicks, J.R.
_9828116
245 0 _aSocial framework
_cby J.R. Hicks
260 _aLondon
_bClarendon Press (Oxford)
_c1960
300 _axii,272p.
365 _aINR
_b18
925 _g18
942 _cTEXL
999 _c1442992
_d1442992